<?xml version="1.0" encoding="UTF-8"?>
<collection xmlns="http://www.loc.gov/MARC21/slim">
<record>
  <controlfield tag="001">151603</controlfield>
  <controlfield tag="005">20260418110656.0</controlfield>
  <datafield tag="024" ind1="7" ind2=" ">
    <subfield code="2">doi</subfield>
    <subfield code="a">10.1007/s13280-025-02150-8</subfield>
  </datafield>
  <datafield tag="024" ind1="8" ind2=" ">
    <subfield code="2">sideral</subfield>
    <subfield code="a">143247</subfield>
  </datafield>
  <datafield tag="037" ind1=" " ind2=" ">
    <subfield code="a">ART-2025-143247</subfield>
  </datafield>
  <datafield tag="041" ind1=" " ind2=" ">
    <subfield code="a">eng</subfield>
  </datafield>
  <datafield tag="100" ind1=" " ind2=" ">
    <subfield code="a">Morales-Reyes, Zebensui</subfield>
  </datafield>
  <datafield tag="245" ind1=" " ind2=" ">
    <subfield code="a">Farmer perceptions of the vulnerabilities of traditional livestock farming systems under global change</subfield>
  </datafield>
  <datafield tag="260" ind1=" " ind2=" ">
    <subfield code="c">2025</subfield>
  </datafield>
  <datafield tag="506" ind1="0" ind2=" ">
    <subfield code="a">Access copy available to the general public</subfield>
    <subfield code="f">Unrestricted</subfield>
  </datafield>
  <datafield tag="520" ind1="3" ind2=" ">
    <subfield code="a">The continuity of traditional extensive livestock farming is being challenged by rapid socioeconomic and environmental changes, threatening livelihoods and ecosystem services critical to food security and sustainability. We conducted a large-scale assessment involving 255 livestock farmers across six extensive livestock farming systems in Spain to understand their perceptions of vulnerabilities. Using the Coupled Infrastructure Systems framework, we identified 24 different vulnerabilities, mainly caused by external socioeconomic and biophysical disturbances, such as resource costs, low profitability of livestock products, climate variability, and conflicts with wildlife. The main factors explaining these vulnerabilities were primary productivity, farm location, presence of large predators, and climatic conditions. The findings highlight the complex interplay of these factors and provide important insights for the maintenance of extensive livestock farming systems in Europe. This information is crucial for informing policy decisions aimed at supporting these farming systems and ensuring their contribution to food security, sustainability and biodiversity conservation.</subfield>
  </datafield>
  <datafield tag="536" ind1=" " ind2=" ">
    <subfield code="9">info:eu-repo/grantAgreement/ES/MCINN/RTI2018-099609-B-C21</subfield>
    <subfield code="9">info:eu-repo/grantAgreement/ES/MICINN-AEI/PRTR-C17.I1</subfield>
    <subfield code="9">info:eu-repo/grantAgreement/ES/MICINN/PID2019-104020RA-I00</subfield>
    <subfield code="9">info:eu-repo/grantAgreement/ES/MICINN/RYC-2019-027247-I</subfield>
    <subfield code="9">info:eu-repo/grantAgreement/EUR/MICINN/TED2021-130005B-C21</subfield>
    <subfield code="9">info:eu-repo/grantAgreement/ES/MINECO/CGL2015-66966-C2-1-R</subfield>
  </datafield>
  <datafield tag="540" ind1=" " ind2=" ">
    <subfield code="9">info:eu-repo/semantics/openAccess</subfield>
    <subfield code="a">by</subfield>
    <subfield code="u">https://creativecommons.org/licenses/by/4.0/deed.es</subfield>
  </datafield>
  <datafield tag="655" ind1=" " ind2="4">
    <subfield code="a">info:eu-repo/semantics/article</subfield>
    <subfield code="v">info:eu-repo/semantics/publishedVersion</subfield>
  </datafield>
  <datafield tag="700" ind1=" " ind2=" ">
    <subfield code="a">Barbosa, Jomar M.</subfield>
  </datafield>
  <datafield tag="700" ind1=" " ind2=" ">
    <subfield code="a">Sánchez-Zapata, José A.</subfield>
  </datafield>
  <datafield tag="700" ind1=" " ind2=" ">
    <subfield code="a">Pérez-Ibarra, Irene</subfield>
    <subfield code="u">Universidad de Zaragoza</subfield>
    <subfield code="0">(orcid)0000-0003-0715-0418</subfield>
  </datafield>
  <datafield tag="710" ind1="2" ind2=" ">
    <subfield code="1">5011</subfield>
    <subfield code="2">235</subfield>
    <subfield code="a">Universidad de Zaragoza</subfield>
    <subfield code="b">Dpto. CC.Agrar.y Medio Natural</subfield>
    <subfield code="c">Área Econom.Sociol.Polit.Agra.</subfield>
  </datafield>
  <datafield tag="773" ind1=" " ind2=" ">
    <subfield code="g">54 (2025), 1353-1371</subfield>
    <subfield code="p">Ambio</subfield>
    <subfield code="t">AMBIO</subfield>
    <subfield code="x">0044-7447</subfield>
  </datafield>
  <datafield tag="856" ind1="4" ind2=" ">
    <subfield code="s">3324045</subfield>
    <subfield code="u">http://zaguan.unizar.es/record/151603/files/texto_completo.pdf</subfield>
    <subfield code="y">Versión publicada</subfield>
  </datafield>
  <datafield tag="856" ind1="4" ind2=" ">
    <subfield code="s">2368737</subfield>
    <subfield code="u">http://zaguan.unizar.es/record/151603/files/texto_completo.jpg?subformat=icon</subfield>
    <subfield code="x">icon</subfield>
    <subfield code="y">Versión publicada</subfield>
  </datafield>
  <datafield tag="909" ind1="C" ind2="O">
    <subfield code="o">oai:zaguan.unizar.es:151603</subfield>
    <subfield code="p">articulos</subfield>
    <subfield code="p">driver</subfield>
  </datafield>
  <datafield tag="951" ind1=" " ind2=" ">
    <subfield code="a">2026-04-18-11:05:07</subfield>
  </datafield>
  <datafield tag="980" ind1=" " ind2=" ">
    <subfield code="a">ARTICLE</subfield>
  </datafield>
</record>
</collection>